| 000 | 00524nam a22001577a 4500 | ||
|---|---|---|---|
| 082 |
_a621.31 _bWAL |
||
| 100 |
_aWaleed Abdullah (364710) _9124856 |
||
| 245 | _aFeasibility analysis of hybrid and battery electric vehicles under different grid emission-factor scenarios for various countries / | ||
| 264 |
_aIslamabad : _bUSPCAS-E, NUST _cMarch, 2024. |
||
| 300 |
_axiv, 48 p. _e+CD |
||
| 520 | _aTH-557 | ||
| 650 | _aMS EEP Thesis | ||
| 650 |
_aMS Thesis _918721 |
||
| 700 | _aDr. Muhammad Bilal Sajid | ||
| 942 |
_2ddc _cTHE |
||
| 999 |
_c610640 _d610640 |
||